[Event "WinterChess marzo IM"]
[Site "Can Picafort (Palma de Mallorc"]
[Date "2014.03.27"]
[Round "6.4"]
[White "Arroyo Salido, Marcelino-Eudor"]
[Black "Van Foreest, Jorden"]
[Result "0-1"]
[WhiteElo "2043"]
[BlackElo "2380"]
[PlyCount "54"]
[EventDate "2014.03.23"]

1. d4 d5 2. Nf3 Nf6 3. c4 c6 4. Qc2 dxc4 5. Qxc4 Bg4 6. Nbd2 Nbd7 7. g3 e6 8.
Bg2 Be7 9. O-O O-O 10. Qb3 Qb6 11. Nc4 Qa6 12. Bf4 Nb6 13. Rac1 Rfd8 14. Rfd1
Bh5 15. Bc7 Rd5 16. Nxb6 axb6 17. a3 Qxe2 18. Rd2 Qb5 19. Qxb5 Rxb5 20. Ne5 Nd5
21. Bxd5 exd5 22. Nd7 Bg4 23. Ne5 Be6 24. Nd3 g5 25. Re2 Rb3 26. Re3 Rc8 27.
Be5 Bf5 0-1

[Event "WinterChess marzo IM"]
[Site "Can Picafort (Palma de Mallorc"]
[Date "2014.03.27"]
[Round "6.5"]
[White "Mascaro March, Pedro"]
[Black "Stokke, Kjetil"]
[Result "1/2-1/2"]
[WhiteElo "2413"]
[BlackElo "2372"]
[PlyCount "21"]
[EventDate "2014.03.23"]

1. d4 Nf6 2. c4 g6 3. Nc3 Bg7 4. e4 O-O 5. Nf3 d6 6. Be2 e5 7. dxe5 dxe5 8.
Qxd8 Rxd8 9. Bg5 Re8 10. Nd5 Nxd5 11. cxd5 1/2-1/2

[Event "WinterChess marzo IM"]
[Site "Can Picafort (Palma de Mallorc"]
[Date "2014.03.27"]
[Round "7.1"]
[White "Stokke, Kjetil"]
[Black "Lyell, Mark"]
[Result "1-0"]
[WhiteElo "2372"]
[BlackElo "2205"]
[PlyCount "128"]
[EventDate "2014.03.23"]

1. c4 e5 2. g3 Nc6 3. Nc3 Bb4 4. Nd5 a5 5. Bg2 Nf6 6. e3 d6 7. Ne2 Bg4 8. h3
Bxe2 9. Qxe2 Nxd5 10. Bxd5 O-O 11. O-O Qd7 12. Kh2 a4 13. f4 Kh8 14. f5 f6 15.
Qg4 Nd8 16. d4 c6 17. Bg2 Nf7 18. Rb1 Rfc8 19. Qd1 a3 20. b3 Re8 21. d5 c5 22.
Qc2 b5 23. cxb5 Qxb5 24. Rf2 Re7 25. Bf1 Qa5 26. e4 Be1 27. Rg2 Bc3 28. Bc4 Rb7
29. Be3 Bd4 30. Bd2 Qc7 31. h4 Kg8 32. g4 h6 33. Rf1 Kf8 34. Qd3 Ke7 35. Rf3
Rbb8 36. Bb5 Rh8 37. Rgg3 Qb6 38. Kg2 Rac8 39. Bc4 Rh7 40. Qe2 Rg8 41. Qf1 Nd8
42. g5 hxg5 43. hxg5 Rgh8 44. Rh3 Nb7 45. Qe1 Qd8 46. Be2 Rxh3 47. Rxh3 Rxh3
48. Kxh3 Qh8+ 49. Kg2 Kf7 50. Qg3 Ke7 51. Qg4 Nd8 52. g6 Kd7 53. Bb5+ Kc7 54.
Qh3 Qf8 55. b4 Nb7 56. Qxa3 cxb4 57. Bxb4 Qh8 58. Qh3 Qxh3+ 59. Kxh3 Be3 60.
Kg2 Kb6 61. Bc6 Nc5 62. Kf3 Bc1 63. a4 Kc7 64. Ba5+ Kc8 1-0

[Event "WinterChess marzo IM"]
[Site "Can Picafort (Palma de Mallorc"]
[Date "2014.03.27"]
[Round "7.2"]
[White "Van Foreest, Jorden"]
[Black "Mascaro March, Pedro"]
[Result "1-0"]
[WhiteElo "2380"]
[BlackElo "2413"]
[PlyCount "89"]
[EventDate "2014.03.23"]

1. Nf3 Nf6 2. g3 d5 3. Bg2 c6 4. c4 Bg4 5. O-O e6 6. d3 Nbd7 7. Nc3 Bxf3 8.
Bxf3 dxc4 9. dxc4 Ne5 10. Qa4 Nxf3+ 11. exf3 Qb6 12. a3 Be7 13. b4 Qd4 14. Qb3
O-O 15. Rd1 Qe5 16. Be3 Rfd8 17. Kg2 Qc7 18. Bf4 e5 19. Be3 a6 20. Na4 b5 21.
Nc3 Rxd1 22. Rxd1 Rd8 23. Ne4 Rxd1 24. Qxd1 bxc4 25. Nxf6+ Bxf6 26. Qc2 Qb7 27.
Qxc4 h5 28. Qd3 g6 29. Qd6 Bg7 30. Qd8+ Kh7 31. Bb6 f5 32. Bc5 Qb5 33. Qd7 Kh6
34. h4 f4 35. a4 Qe2 36. gxf4 e4 37. fxe4 Qxe4+ 38. Kg3 Qf5 39. Qd1 Bf8 40.
Bxf8+ Qxf8 41. Qd4 Qc8 42. f5 gxf5 43. Qd6+ Kh7 44. Kf4 Qe8 45. Qe5 1-0

[Event "WinterChess marzo IM"]
[Site "Can Picafort (Palma de Mallorc"]
[Date "2014.03.27"]
[Round "7.3"]
[White "Van Foreest, Lucas"]
[Black "Arroyo Salido, Marcelino-Eudor"]
[Result "1-0"]
[WhiteElo "2147"]
[BlackElo "2043"]
[PlyCount "181"]
[EventDate "2014.03.23"]

1. d4 Nf6 2. c4 e6 3. Nf3 Bb4+ 4. Nbd2 b6 5. e3 Bb7 6. Bd3 O-O 7. Qc2 c5 8. O-O
cxd4 9. exd4 Be7 10. b3 Nc6 11. a3 Rc8 12. Bb2 h6 13. b4 d6 14. Bc3 Nb8 15. Qb3
Nbd7 16. Rfe1 Re8 17. Bb2 Qc7 18. Rac1 Qb8 19. h3 a6 20. Re3 b5 21. c5 Bd5 22.
Qd1 Qa8 23. Ra1 Bc6 24. Re1 Nd5 25. Ne4 Qb8 26. Nfd2 N7f6 27. Nxf6+ Bxf6 28.
Ne4 Be7 29. Qd2 Nf6 30. Nc3 Qb7 31. f3 Nd5 32. Ne4 Red8 33. Red1 Nf6 34. Nc3
Nd5 35. Nxd5 Bxd5 36. Qe2 Ra8 37. Bc3 Bc6 38. Bc2 Bd5 39. Qd3 g6 40. Qe3 Bg5
41. Qf2 Qe7 42. g3 Qb7 43. h4 Bf6 44. Rf1 Kg7 45. Qe3 h5 46. Rad1 Rac8 47. Rf2
Qe7 48. Ra1 Qb7 49. Be4 Qc6 50. Kh2 Qb7 51. Kh3 Qc6 52. Rc1 Qb7 53. Bb2 Be7 54.
Rfc2 f5 55. c6 Qc7 56. Bxd5 exd5 57. Qe6 Bf6 58. Re2 Qf7 59. Qe3 Re8 60. Qd3
Rxe2 61. Qxe2 Re8 62. Qd3 Qe6 63. a4 f4+ 64. Kg2 Qe2+ 65. Qxe2 Rxe2+ 66. Kh3
Re8 67. axb5 axb5 68. g4 Rc8 69. g5 Bd8 70. Rc2 Bb6 71. Bc1 Bxd4 72. Bxf4 Be5
73. Be3 d4 74. f4 dxe3 75. fxe5 dxe5 76. Kg3 e4 77. Kf4 e2 78. Rxe2 Rxc6 79.
Rxe4 Kf7 80. Ke3 Re6 81. Rxe6 Kxe6 82. Ke4 Kd6 83. Kd4 Ke6 84. Kc5 Kf5 85. Kxb5
Kg4 86. Kc5 Kxh4 87. b5 Kg4 88. b6 h4 89. b7 h3 90. b8=Q h2 91. Qxh2 1-0

[Event "WinterChess marzo IM"]
[Site "Can Picafort (Palma de Mallorc"]
[Date "2014.03.27"]
[Round "7.4"]
[White "Nilsen, Joachim Birger"]
[Black "Ivanov, Jordan"]
[Result "1-0"]
[WhiteElo "2304"]
[BlackElo "2375"]
[PlyCount "55"]
[EventDate "2014.03.23"]

1. d4 d5 2. c4 dxc4 3. e4 c5 4. d5 Nf6 5. Nc3 b5 6. Bf4 Qa5 7. Bd2 Nbd7 8. Nf3
Ng4 9. Bf4 g5 10. Nxg5 Bg7 11. Be2 Nge5 12. O-O O-O 13. Be3 h6 14. Nh3 Nd3 15.
Bxd3 cxd3 16. Qxd3 b4 17. Ne2 Ne5 18. Qc2 Ba6 19. Nhf4 Nc4 20. Nh5 Nxe3 21.
fxe3 Be5 22. Rf2 Rac8 23. Neg3 Qc7 24. Nf5 Kh7 25. Nf4 Rce8 26. Qd1 Qb6 27. Qh5
Qf6 28. Nxh6 1-0

[Event "WinterChess marzo IM"]
[Site "Can Picafort (Palma de Mallorc"]
[Date "2014.03.27"]
[Round "7.5"]
[White "Diaz Nunez, Adolfo"]
[Black "Constantinou, Peter"]
[Result "1/2-1/2"]
[WhiteElo "2258"]
[BlackElo "2270"]
[PlyCount "26"]
[EventDate "2014.03.23"]

1. Nf3 d5 2. d4 Nf6 3. c4 c6 4. Qc2 g6 5. cxd5 cxd5 6. Nc3 Nc6 7. Bf4 Bg7 8. e3
O-O 9. Be2 Bf5 10. Qb3 Na5 11. Qb4 a6 12. O-O Bd7 13. Ne5 e6 1/2-1/2

[Event "WinterChess marzo IM"]
[Site "Can Picafort (Palma de Mallorc"]
[Date "2014.03.28"]
[Round "8.1"]
[White "Lyell, Mark"]
[Black "Constantinou, Peter"]
[Result "1-0"]
[WhiteElo "2205"]
[BlackElo "2270"]
[PlyCount "71"]
[EventDate "2014.03.23"]

1. e4 d5 2. exd5 Qxd5 3. Nf3 Bg4 4. Be2 Nf6 5. d4 c6 6. h3 Bh5 7. c4 Qd8 8. Nc3
e6 9. Be3 Nbd7 10. O-O Be7 11. d5 Bxf3 12. Bxf3 Ne5 13. dxe6 Qxd1 14. exf7+ Kf8
15. Raxd1 Nxc4 16. Bf4 Kxf7 17. Ne4 Nxe4 18. Bxe4 Rhd8 19. Rxd8 Rxd8 20. Re1
Nxb2 21. Bxh7 Bf6 22. Re3 Nd1 23. Rb3 b6 24. Bc2 Nc3 25. Kf1 Bd4 26. h4 b5 27.
Ra3 b4 28. Ra6 Bb6 29. a4 Nd5 30. Bg3 Ke8 31. a5 Nc7 32. Rxb6 axb6 33. Bxc7 Rd2
34. axb6 b3 35. Bxb3 Kd7 36. Be6+ 1-0

[Event "WinterChess marzo IM"]
[Site "Can Picafort (Palma de Mallorc"]
[Date "2014.03.28"]
[Round "8.2"]
[White "Ivanov, Jordan"]
[Black "Diaz Nunez, Adolfo"]
[Result "1/2-1/2"]
[WhiteElo "2375"]
[BlackElo "2258"]
[PlyCount "23"]
[EventDate "2014.03.23"]

1. c4 c6 2. e4 d5 3. exd5 cxd5 4. d4 Nf6 5. Nc3 e6 6. Nf3 Bb4 7. cxd5 Nxd5 8.
Bd2 Nc6 9. Bd3 O-O 10. O-O Be7 11. Qe2 Nf6 12. Be3 1/2-1/2

[Event "WinterChess marzo IM"]
[Site "Can Picafort (Palma de Mallorc"]
[Date "2014.03.28"]
[Round "8.3"]
[White "Arroyo Salido, Marcelino-Eudor"]
[Black "Nilsen, Joachim Birger"]
[Result "0-1"]
[WhiteElo "2043"]
[BlackElo "2304"]
[PlyCount "44"]
[EventDate "2014.03.23"]

1. d4 Nf6 2. c4 Nc6 3. Nf3 e6 4. g3 d5 5. cxd5 exd5 6. Bg2 Bb4+ 7. Bd2 Bd6 8.
Nc3 O-O 9. O-O h6 10. Bf4 Re8 11. Rc1 Bg4 12. Bxd6 Qxd6 13. h3 Bh5 14. Qd2 Ne4
15. Qd1 Rad8 16. Qb3 Bxf3 17. exf3 Nxd4 18. Nxe4 dxe4 19. Qd1 e3 20. fxe3 Rxe3
21. Kh2 Re2 22. Qa4 Nf5 0-1

[Event "WinterChess marzo IM"]
[Site "Can Picafort (Palma de Mallorc"]
[Date "2014.03.28"]
[Round "8.4"]
[White "Stokke, Kjetil"]
[Black "Van Foreest, Jorden"]
[Result "1/2-1/2"]
[WhiteElo "2372"]
[BlackElo "2380"]
[PlyCount "78"]
[EventDate "2014.03.23"]

1. g3 d5 2. Nf3 Nf6 3. Bg2 c6 4. O-O Bg4 5. c4 e6 6. d3 Nbd7 7. b3 Bd6 8. Bb2
O-O 9. Nbd2 Qe7 10. Re1 Rfd8 11. h3 Bxf3 12. Nxf3 Ba3 13. Qc1 Bxb2 14. Qxb2 e5
15. cxd5 cxd5 16. Rac1 e4 17. Nd4 Qe5 18. Qc3 h5 19. e3 Nb6 20. Qc7 Qxc7 21.
Rxc7 exd3 22. Rc3 d2 23. Rd1 Rac8 24. Rd3 Ne4 25. Bxe4 dxe4 26. R3xd2 Rd5 27.
Ne2 Rcc5 28. Kg2 Rxd2 29. Rxd2 Nd5 30. Rd4 Nf6 31. a4 Rc2 32. Nf4 Rb2 33. Nd5
Nxd5 34. Rxd5 Rxb3 35. Rxh5 a6 36. Rc5 Rb4 37. Rc8+ Kh7 38. Rc7 b6 39. Rc6 a5
1/2-1/2

[Event "WinterChess marzo IM"]
[Site "Can Picafort (Palma de Mallorc"]
[Date "2014.03.28"]
[Round "8.5"]
[White "Mascaro March, Pedro"]
[Black "Van Foreest, L."]
[Result "1-0"]
[WhiteElo "2413"]
[BlackElo "2147"]
[PlyCount "77"]
[EventDate "2014.03.23"]

1. d4 Nf6 2. Nf3 g6 3. Bf4 Bg7 4. e3 O-O 5. h3 d5 6. Be2 e6 7. O-O b6 8. c4 Bb7
9. Nc3 c6 10. cxd5 exd5 11. b4 a6 12. a4 b5 13. axb5 cxb5 14. Ne5 Nbd7 15. Bf3
Nb6 16. Qb3 Nc4 17. Rfd1 Re8 18. Nd3 Bc6 19. Nc5 Nd7 20. Nxa6 Ndb6 21. Nc7 Rxa1
22. Rxa1 Nd2 23. Qd1 Nxf3+ 24. Qxf3 Re7 25. N7xb5 Bxb5 26. Nxb5 Qd7 27. Ra7 Qe6
28. Rxe7 Qxe7 29. Nd6 Bf8 30. Qe2 Qc7 31. Ne8 Qc6 32. Qa6 Bxb4 33. Nc7 h5 34.
Nxd5 Qc1+ 35. Kh2 Be1 36. Qxb6 Bxf2 37. Qd8+ Kh7 38. Nf6+ Kg7 39. Bh6+ 1-0

[Event "WinterChess marzo IM"]
[Site "Can Picafort (Palma de Mallorc"]
[Date "2014.03.29"]
[Round "9.1"]
[White "Van Foreest, Jorden"]
[Black "Lyell, Mark"]
[Result "1-0"]
[WhiteElo "2380"]
[BlackElo "2205"]
[PlyCount "61"]
[EventDate "2014.03.23"]

1. d4 d5 2. c4 Nc6 3. Nf3 Bg4 4. Nc3 e6 5. Bf4 Bd6 6. Bxd6 Qxd6 7. e3 a6 8. Be2
Nf6 9. h3 Bxf3 10. Bxf3 O-O 11. Qe2 Ne7 12. O-O Ng6 13. g3 c6 14. Rfd1 Rad8 15.
h4 Rfe8 16. Bg2 Qb4 17. c5 e5 18. Qd2 exd4 19. exd4 Ng4 20. a3 Qa5 21. h5 Nf8
22. Qf4 Nf6 23. b4 Nxh5 24. bxa5 Nxf4 25. gxf4 Ng6 26. Rab1 Rd7 27. f5 Nf4 28.
Bf3 Kf8 29. Rd2 Ke7 30. Rdb2 Rb8 31. Ne2 1-0

[Event "WinterChess marzo IM"]
[Site "Can Picafort (Palma de Mallorc"]
[Date "2014.03.29"]
[Round "9.2"]
[White "Van Foreest, Lucas"]
[Black "Stokke, Kjetil"]
[Result "1/2-1/2"]
[WhiteElo "2147"]
[BlackElo "2372"]
[PlyCount "46"]
[EventDate "2014.03.23"]

1. d4 g6 2. c4 Bg7 3. e4 d6 4. Nc3 Nf6 5. f3 O-O 6. Be3 a6 7. Bd3 Nbd7 8. Nge2
c5 9. O-O b6 10. a3 Bb7 11. Rb1 e6 12. Bc2 cxd4 13. Bxd4 Qc7 14. b3 Rad8 15.
Qd2 Bc6 16. a4 Rfe8 17. Rbc1 Qb8 18. Rfd1 Ba8 19. Bf2 Ne5 20. Qe3 Nfd7 21. Qd2
Nf6 22. Qe3 Nfd7 23. Qd2 Nf6 1/2-1/2

[Event "WinterChess marzo IM"]
[Site "Can Picafort (Palma de Mallorc"]
[Date "2014.03.29"]
[Round "9.3"]
[White "Nilsen, Joachim Birger"]
[Black "Mascaro March, Pedro"]
[Result "1-0"]
[WhiteElo "2304"]
[BlackElo "2413"]
[PlyCount "101"]
[EventDate "2014.03.23"]

1. d4 Nf6 2. c4 e6 3. Nc3 Bb4 4. e3 O-O 5. Bd3 d5 6. Nf3 b6 7. O-O Bb7 8. cxd5
exd5 9. Qc2 a6 10. a3 Bd6 11. b4 Nbd7 12. Bb2 Qe7 13. Ne2 Ne4 14. Ng3 f5 15. a4
Rac8 16. b5 a5 17. Qb3 g5 18. Ba3 Bxa3 19. Qxa3 Qxa3 20. Rxa3 h6 21. h4 g4 22.
Bxe4 fxe4 23. Nh2 Nf6 24. Nf5 Kh7 25. Rc1 Rf7 26. Rac3 Ne8 27. Ng3 Nf6 28. Ne2
Kg6 29. Nf4+ Kf5 30. Nf1 Ne8 31. Ng3+ Kf6 32. h5 Kg5 33. Nge2 Ba8 34. R3c2 Kf5
35. Ng6 Nd6 36. Ne5 Re7 37. Nf4 Rxe5 38. dxe5 Nc4 39. e6 c5 40. bxc6 Bxc6 41.
Rxc4 dxc4 42. Rxc4 Kf6 43. Kh2 Ke7 44. Kg3 Bd7 45. Rxe4 Be8 46. Kxg4 Rc5 47.
Kh4 b5 48. axb5 Rxb5 49. g4 Rb2 50. Nd5+ Kf8 51. e7+ 1-0

[Event "WinterChess marzo IM"]
[Site "Can Picafort (Palma de Mallorc"]
[Date "2014.03.29"]
[Round "9.4"]
[White "Diaz Nunez, Adolfo"]
[Black "Arroyo Salido, Marcelino-Eudor"]
[Result "1-0"]
[WhiteElo "2258"]
[BlackElo "2043"]
[PlyCount "101"]
[EventDate "2014.03.23"]

1. Nf3 Nf6 2. c4 e6 3. g3 b6 4. Bg2 Bb7 5. O-O c5 6. Nc3 d5 7. cxd5 Nxd5 8. d4
Be7 9. Nxd5 Bxd5 10. dxc5 Bxc5 11. Bf4 Nd7 12. Qa4 O-O 13. e4 b5 14. Qxb5 Bxe4
15. Rad1 Bd5 16. Ne5 Nxe5 17. Bxd5 exd5 18. Qxc5 Qf6 19. Qc3 d4 20. Bxe5 dxc3
21. Bxf6 gxf6 22. bxc3 Rfc8 23. Rd3 Rab8 24. Re1 Rc7 25. Re4 Rb1+ 26. Kg2 Rc1
27. Ra4 R1xc3 28. Rxc3 Rxc3 29. Rxa7 Rc2 30. a4 Ra2 31. h4 Kg7 32. a5 h5 33. a6
Kg6 34. Ra8 Ra3 35. Kf1 Ra2 36. Ke1 Kg7 37. f3 f5 38. f4 Rg2 39. Rb8 Ra2 40.
Rb6 Rg2 41. a7 Ra2 42. Rb7 Kf6 43. Kd1 Ke6 44. Kc1 f6 45. Kb1 Ra6 46. Kc2 Kd5
47. Kb3 Ke4 48. Rb4+ Kd3 49. Ra4 Rb6+ 50. Ka2 Kc2 51. Rc4+ 1-0

[Event "WinterChess marzo IM"]
[Site "Can Picafort (Palma de Mallorc"]
[Date "2014.03.29"]
[Round "9.5"]
[White "Constantinou, Peter"]
[Black "Ivanov, Jordan"]
[Result "1-0"]
[WhiteElo "2270"]
[BlackElo "2375"]
[PlyCount "45"]
[EventDate "2014.03.23"]

1. d4 Nf6 2. Bg5 Ne4 3. Bf4 c5 4. f3 Qa5+ 5. c3 Nf6 6. Nd2 cxd4 7. Nb3 Qd8 8.
cxd4 e6 9. e4 Nc6 10. Ne2 d5 11. e5 Nd7 12. Be3 Nb6 13. Nc3 Nc4 14. Bxc4 dxc4
15. Nd2 Nxd4 16. Nxc4 Nxf3+ 17. Ke2 Qc7 18. Nd6+ Bxd6 19. exd6 Qd8 20. gxf3 Qh4
21. Qa4+ Qxa4 22. Nxa4 Bd7 23. Nc3 1-0